000
00268nam a2200121Ia 4500
008
241002s9999 xx 000 0 und d
082
_a
700.1 HER
100
_a
Herbert, Read
245
4
_a
the Meaning of ART
260
_a
London:
_c
1966
600
_a
Art
942
_c
UC
999
_c
18543
_d
18543